| 000 | 00439nam a2200181Ia 4500 | ||
|---|---|---|---|
| 005 | 20250425161916.0 | ||
| 008 | 250425s9999 xx 000 0 und d | ||
| 041 | _aspa | ||
| 082 | _a621.3 | ||
| 110 | _aESCUELA POLITECNICA NACIONAL | ||
| 245 | 0 | _aXIII JORNADAS EN INGENIERIA ELECTRICIDAD Y ELECTRONICA | |
| 250 | _a1A ED. | ||
| 260 |
_aEcuador _bS.E. _c2000 |
||
| 260 | _aQUITO | ||
| 300 | _a264 | ||
| 942 | _c01 | ||
| 010 | _a34582 | ||
| 999 |
_c218623 _d218623 |
||